Magyari Tivadar ; Veress Valér: A Duna Televízió erdélyi közönsége

Elmentve itt :
Bibliográfiai részletek
Szerző: KISS Tamás
Adatforrás:Meister
Forrásdokumentuma:Web. -
4-5 sz., 1998, 93 p.
Nyelv:magyar
Kulcsszavak:médiaszociológia-recenzió
televízió
MAGYARI Tivadar
VERESS Valér
Duna Tv
LEADER 00481nab a2200169 i 4500
001 bibPRO00010498
008 060524s1998 xx hun
040 |a Sz1 
041 |a hun 
100 1 |a KISS Tamás 
245 1 0 |a Magyari Tivadar ; Veress Valér: A Duna Televízió erdélyi közönsége  |c KISS Tamás 
695 |a médiaszociológia-recenzió 
695 |a televízió 
695 |a MAGYARI Tivadar 
695 |a VERESS Valér 
695 |a Duna Tv 
773 0 |t Web. -  |g 4-5 sz., 1998, 93 p.